Saving the planet : how to shape an environmentally sustainable global economy

Αποθηκεύτηκε σε:
Λεπτομέρειες βιβλιογραφικής εγγραφής
Κύριος συγγραφέας: Brown, Lester Russell 1934-
Άλλοι συγγραφείς: Flavin, Christopher, Postel, Sandra
Μορφή: Βιβλίο
Γλώσσα:English
Δημοσίευση: London : Earthscan Publications, c1992
Σειρά:Worldwatch environmental alert series
Θέματα:
Ετικέτες: Προσθήκη ετικέτας
Δεν υπάρχουν, Καταχωρήστε ετικέτα πρώτοι!

MARC

LEADER 00000nam a2200000 i 4500
001 1/69937
008 990223s1992 eng d
020 |a 1-85383-133-6 
035 |l 10047970 
040 |a GR-MY-UA  |b gre  |e aacr 
041 0 |a eng 
082 0 |a 363.7056 
100 1 |a Brown, Lester Russell  |d 1934- 
245 1 0 |a Saving the planet :  |b how to shape an environmentally sustainable global economy /  |c Lester R. Brown, Christopher Flavin, Sandra Postel 
260 |a London :   |b Earthscan Publications,   |c c1992 
300 |a 222 p. 
490 1 |a Worldwatch environmental alert series 
504 |a Includes bibliographical references (p. [183]-216) and index 
650 0 0 |a Sustainable development. 
650 0 0 |a Economic development  |x Environmental aspects. 
650 0 0 |a Environmental policy. 
700 1 |a Flavin, Christopher. 
700 1 |a Postel, Sandra. 
830 0 |a Worldwatch environmental alert series 
852 |a INST  |b LESVOS  |e 19990223  |h 363.7056 BRO  |p 005100016862  |q 005100016862  |t BK  |y 0 
901 |a BIBL-1999-1 
909 |a Λ  |b 061553 
922 |a 1ΕΛΗ  |b 199812  |c ΚΠΣ/ΤΓ  |d ΠΑΠΑΣΩΤΗΡΙΟΥ 
950 |a 118-1998-07-21